000
00296nam a22001337a 4500
008
170816b xxu||||| |||| 00| 0 eng d
020
_a
9780495503101
041
_a
eng
080
_2
7 ED
_a
311
100
_a
36
101
_a
STA
245
_a
APPLIED STATISTICS
_c
MEIER.K.J
942
_2
udc
_c
BK
999
_c
23612
_d
23612